Prekážky na ceste podnikateľov k budovaniu etickej spoločnosti v SR

Komplexný obraz o stave a možnostiach riešenia najvýznamnejších problémov podnikateľského prostredia na Slovensku.

Na minha lista:
Detalhes bibliográficos
Autor principal: Kinčáková, Michaela
Outros Autores: Síbertová, Linda
Formato: Capítulo de Livro
Idioma:eslovaco
Assuntos:
Tags: Adicionar Tag
Sem tags, seja o primeiro a adicionar uma tag!

MARC

LEADER 00000naa a2200000 4500
001 0159856
005 20240502072753.7
041 0 |a slo 
044 |a SK 
245 1 0 |a Prekážky na ceste podnikateľov k budovaniu etickej spoločnosti v SR  |c Michaela Kinčáková, Linda Síbertová 
520 |a Komplexný obraz o stave a možnostiach riešenia najvýznamnejších problémov podnikateľského prostredia na Slovensku. 
610 2 0 |a etika podnikateľská 
610 2 0 |a podnikatelia 
610 2 0 |a prostredie podnikateľské 
610 2 0 |a Slovensko 
610 2 0 |a únik daňový 
610 2 0 |a korupcia 
100 1 |a Kinčáková, Michaela 
700 1 |a Síbertová, Linda